00511nam a2200145Ia 4500008004100000041000800041082001800049100002000067245004400087260003500131300002900166365000900195999001500204952014600219240624s9999 xx 000 0 und d aeng a658.40621 BRI aBRIDGES WILLIAM aMANAGING TRANSITIONS MAKING THE MOST OF c1991aCambridgebPerseus Books ax, : 130 : p. : cm. ; 23 cb20 c9639d9639 00104070aIMTNbIMTNcRack 31-Ad2008-09-17eWBDg20.00l2n358o658.40621 BRIp9639r2025-02-24 00:00:00s2025-02-13t45.2w2024-06-24yBK